000 00549nam a2200181Ia 4500
008 151121s9999||||xx |||||||||||||| ||und||
082 _a813-/देशपां
082 _bHNW-13790
100 _aदेशपांडे कुसुमावती
245 _aदीपकळी
260 _c--
300 _a98
600 _aदेशपांडे कुसुमावती
630 _aदीपकळी
700 _aदेशपांडे कुसुमावती
730 _aदीपकळी
942 _cBOOK
999 _c1217669
_d1217666